TV & Film Figures - Statistics

General Stats
  • This quiz has been taken 8 times
  • The average score is 7 of 83
Answer Stats
Picture Hint Answer % Correct
American actress – 1920s–1980s: Double Indemnity, Stella Dallas, Meet John Doe, Ball of Fire Barbara Stanwyck
57%
Scottish actress – 1940s–1960s: The King and I, From Here to Eternity, An Affair to Remember, Black Narcissus Deborah Kerr
57%
American actor – 1920s–1960s: High Noon, Sergeant York, Mr. Deeds Goes to Town (close friend to Hemingway) Gary Cooper
57%
English actor – 1930s–1980s: A Matter of Life and Death, Around the World in 80 Days, The Pink Panther David Niven
43%
English actor – 1960s–2020s: Cabaret, Logan’s Run Michael York
43%
American actor – 1970s–2020s: Platoon, Inception, Major League, The Big Chill Tom Berenger
43%
Russian-American actor – 1940s–1980s: The King and I, The Magnificent Seven, The Ten Commandments Yul Brynner
43%
American actress/singer – 1930s–1960s: Carmen Jones (first black woman nominated for Best Actress) Dorothy Dandridge
29%
American actor/director – 1900s–1920s: The Rounders (accused of killing Virginia Rappe) Fatty Arbuckle
29%
American actress – 1920s–1930s: Red Dust, Dinner at Eight Jean Harlow
29%
American actress – 1920s–1970s: Mildred Pierce, Sudden Fear, Grand Hotel, Johnny Guitar Joan Crawford
29%
English actor – 1970s–2020s: Chariots of Fire, A Passage to India Nigel Havers
29%
British-Australian actor – 1930s–1970s: Network, Sunday Bloody Sunday, Far from the Madding Crowd (won a posthumous Oscar) Peter Finch
29%
English actor – 1950s–2010s: Tom Jones, Miller’s Crossing, Erin Brockovich, Skyfall Albert Finney
14%
British director – 1980s–2000s: The English Patient, The Talented Mr. Ripley, Cold Mountain Anthony Minghella
14%
American actor/director/writer – 1950s–2010s: The Dick Van Dyke Show, The Jerk (father of Rob) Carl Reiner
14%
American comedian/actor – 1920s–1970s Jack Benny
14%
American actor – 1900s–1940s: Dr. Jekyll and Mr. Hyde, Twentieth Century John Barrymore
14%
American actress – 1950s–1980s: East of Eden, Cool Hand Luke Jo Van Fleet
14%
American actor – 1900s–1950s: It’s a Wonderful Life, Key Largo, Grand Hotel, You Can’t Take It with You Lionel Barrymore
14%
American director – 1990s–2020s: Cloverfield, Dawn of the Planet of the Apes, The Batman Matt Reeves
14%
Indian actress – 2000s–2020s: Bajirao Mastani Priyanka Chopra
14%
American actress – 1950s–1980s: Who’s Afraid of Virginia Woolf?, The Out-of-Towners, Sweet November Sandy Dennis
14%
American actor – 1930s–1950s: The Mark of Zorro, Nightmare Alley, Witness for the Prosecution Tyrone Power
14%
American director – 2000s–2020s: You’re Next, The Guest, Godzilla vs. Kong Adam Wingard
0%
Indian actress – 2010s–2020s: Raazi Alia Bhatt
0%
Norwegian director – 2000s–2020s: Trollhunter, The Autopsy of Jane Doe, Scary Stories to Tell in the Dark André Øvredal
0%
British director – 2000s–2020s: Weekend, 45 Years, Lean on Pete, All of Us Strangers Andrew Haigh
0%
American producer (Eon Productions) – 1980s–2020s: GoldenEye, Skyfall, No Time to Die Barbara Broccoli
0%
American director – 1970s–2020s: Rain Man, Good Morning, Vietnam, Diner, Bugsy (wrote for the Carol Burnett Show) Barry Levinson
0%
American director – 1990s–2020s: Dreamgirls, Gods and Monsters, Beauty and the Beast (2017) Bill Condon
0%
American director – 1990s–2010s: Rush Hour, Red Dragon, X-Men: The Last Stand Bret Ratner
0%
French director – 2000s–2020s: Portrait of a Lady on Fire, Tomboy, Girlhood Celine Sciamma
0%
Australian director – 2000s–2020s: I, Tonya, Lars and the Real Girl, Cruella Craig Gillespie
0%
American producer & studio head (20th Century Fox) – 1920s–1970s: The Grapes of Wrath, All About Eve, The Longest Day Darryl F. Zanuck
0%
American actor – 1980s–2020s: The Green Mile, The Hurt Locker, 12 Monkeys David Morse
0%
American producer – 1920s–1960s: Gone with the Wind, Rebecca David O. Selznick
0%
Indian actress – 2000s–2020s: Padmaavat Deepika Padukone
0%
American film director – 1940s–1980s: Dirty Harry, Invasion of the Body Snatchers, Escape from Alcatraz, The Shootist Don Siegel
0%
American director – 1980s–2020s: Glory, Legends of the Fall, The Last Samurai, Blood Diamond Edward Zwick
0%
American director – 2000s–2020s: I Am Legend, The Hunger Games: Catching Fire, Red Sparrow Francis Lawrence
0%
American director/puppeteer – 1970s–2010s: The Muppet Movie, Little Shop of Horrors, Bowfinger (voice of Yoda) Frank Oz
0%
American actress/dancer – 1920s–1980s: Top Hat, Swing Time Ginger Rogers
0%
Russian model/actress – 2000s–2020s Irina Shayk
0%
American producer (MGM) – 1920s–1930s: Grand Hotel, Mutiny on the Bounty Irving Thalberg
0%
Chinese actor/singer – 2010s–2020s (member of the boy group TFboys) Jackson Yee
0%
French director – 1970s–2020s: The Name of the Rose, Seven Years in Tibet, Quest for Fire Jean-Jacques Annaud
0%
American director – 2000s–2020s: Take Shelter, Mud, Loving, The Bikeriders Jeff Nichols
0%
American producer/studio head (Disney / DreamWorks) – 1980s–2020s: The Lion King, Shrek, Kung Fu Panda (co-founder of DreamWorks) Jeffrey Katzenberg
0%
American producer (Disney) – 1970s–2020s: Top Gun, Pirates of the Caribbean Jerry Bruckheimer
0%
Irish director – 1980s–2020s: My Left Foot, In the Name of the Father, In America Jim Sheridan
0%
British director – 1980s–2020s: Shakespeare in Love, The Best Exotic Marigold Hotel John Madden
0%
Swedish director – 1970s–2020s: What’s Eating Gilbert Grape, The Cider House Rules, Chocolat (director of ABBA music videos) Lasse Hallström
0%
American comedian – 1940s–1960s Lenny Bruce
0%
American studio head (MGM) – 1910s–1950s: Oversaw films such as The Wizard of Oz, Grand Hotel Louis B. Mayer
0%
Indian actress – 1940s–1960s: Mughal-e-Azam Madhubala
0%
American director – 2010s–2020s: (500) Days of Summer, The Amazing Spider-Man (originally worked as a music-video director for artists like Green Day and MCR) Marc Webb
0%
American director – 1990s–2020s: Mean Girls, Freaky Friday Mark Waters
0%
German-American actress – 1920s–1970s: The Blue Angel, Morocco, Witness for the Prosecution (performed for Allies during WW2) Marlene Dietrich
0%
American director – 2010s–2020s: Ready or Not, Scream Matt Bettinelli-Olpin
0%
British director – 2000s–2020s: Layer Cake, X-Men: First Class, Kingsman Matthew Vaughn
0%
American executive (Disney) – 1980s–2000s: Oversaw The Lion King, Aladdin, Beauty and the Beast Michael Eisner
0%
English director – 1960s–2020s: Four Weddings and a Funeral, Donnie Brasco, Harry Potter and the Goblet of Fire Mike Newell
0%
German-American director – 1960s–2010s: The Graduate, Who’s Afraid of Virginia Woolf?, Working Girl, Closer Mike Nichols
0%
American director/writer – 1980s–2020s: The Parent Trap (1998), Something’s Gotta Give, The Holiday, It’s Complicated Nancy Meyers
0%
American director – 1990s–2020s: Enough Said, Friends with Money Nicole Holofcener
0%
American writer/director – 1970s–2010s: When Harry Met Sally, Sleepless in Seattle, You’ve Got Mail, Julie & Julia (White House intern during JFK presidency) Nora Ephron
0%
Canadian director – 1950s–2010s: In the Heat of the Night, Fiddler on the Roof, Moonstruck, The Thomas Crown Affair Norman Jewison
0%
Canadian-American actress – 1920s–1940s: The Divorcee, Marie Antoinette Norma Shearer
0%
American actor – 1980s–2020s: 21 Jump Street (TV) Richard Grieco
0%
German director – 2000s–2020s: Flightplan, RED, The Time Traveler’s Wife, Divergent Robert Schwentke
0%
American actor – 1940s–1980s: Giant Rock Hudson
0%
German director – 1980s–2020s: Independence Day, The Day After Tomorrow, 2012, Stargate Roland Emmerich
0%
American film editor – 1980s–2000s: Pulp Fiction, Kill Bill, Inglourious Basterds, Jackie Brown (died of dehydration in Griffith Park) Sally Menke
0%
Indian actor – 1980s–2020s: Bajrangi Bhaijaan Salman Khan
0%
American producer and MGM founder– 1910s–1950s: Wuthering Heights, The Best Years of Our Lives, Dodsworth Samuel Goldwyn
0%
British costume designer – 1980s–2020s: Shakespeare in Love, The Aviator, Carol Sandy Powell
0%
Indian actor – 1990s–2020s: Dilwale Dulhania Le Jayenge Shah Rukh Khan
0%
Canadian director/producer – 1990s–2020s: Night at the Museum, Real Steel, Free Guy, The Adam Project (involved in Stranger Things) Shawn Levy
0%
British director – 1990s–2020s: Billy Elliot, The Hours, The Reader, Extremely Loud & Incredibly Close Stephen Daldry
0%
American director – 2000s–2020s: The House of the Devil Ti West
0%
American director/writer – 2000s–2020s: Spotlight, The Visitor, Stillwater, Win Win Tom McCarthy
0%
American director – 2010s–2020s: Ready or Not, Scream Tyler Gillet
0%
No matching quizzes found
Score Distribution
Percent of People with Each Score
Percentile by Number Answered
Your Score History
You have not taken this quiz